| 000 | 00335nam a2200133Ia 4500 | ||
|---|---|---|---|
| 999 |
_c6331 _d6331 |
||
| 003 | OSt | ||
| 008 | 191201s2013 xx 000 0 und d | ||
| 100 | _aGARG, Santosh Kumar | ||
| 245 | 0 | _aSewage Disposal and Air Pollution Engineering | |
| 260 |
_aN. delhi _bKhanna pub _c2013 |
||
| 300 | _a1056 | ||
| 650 | _aB.Tech(CE) | ||
| 942 |
_2ddc _cBK |
||